| 000 | 00567nam a2200205Ia 4500 | ||
|---|---|---|---|
| 005 | 20260429112156.0 | ||
| 008 | 260429s9999||||xx |||||||||||||| ||und|| | ||
| 020 | _a9781647287122 | ||
| 041 | _aEnglish | ||
| 082 |
_a417.7 _bSPA |
||
| 100 | _aSparks, Clay | ||
| 245 | 0 |
_aLanguage variation and change : _btheoretical and empirical perspectives / _cClay Sparks |
|
| 250 | _a1st ed. | ||
| 260 |
_aNew York : _bWillford Press, _c2025. |
||
| 300 | _avii, 323 p.; hb | ||
| 650 | _a Empirical | ||
| 650 | _a Language variation | ||
| 650 | _aLanguage | ||
| 942 | _cTB | ||
| 999 |
_c52731 _d52731 |
||